[Event "Titled Tue 10th Jun Early"]
[Site "chess.com INT"]
[Date "2025.06.10"]
[Round "7"]
[White "Lopez Del Alamo, Antonio"]
[Black "Vedant, Nitin Vekhande"]
[Result "1-0"]
[WhiteTitle "FM"]
[BlackTitle "CM"]
[WhiteElo "2166"]
[BlackElo "2167"]
[WhiteFideId "2227339"]
[BlackFideId "45073449"]
[EventDate "2025.06.10"]

1. e4 c5 2. Nf3 d6 3. d4 cxd4 4. Nxd4 Nf6 5. Nc3 g6 6. Be2 Bg7 7. O-O O-O 8. Bg5
Nc6 9. Nb3 h6 10. Bh4 Be6 11. f4 Rc8 12. Bf2 b6 13. Bd3 Ng4 14. h3 Nxf2 15. Kxf2
Bxc3 16. bxc3 f5 17. Kg1 Qd7 18. Qe1 fxe4 19. Bxe4 Bf5 20. g4 Bxe4 21. Qxe4 Kg7
22. Rae1 e5 23. fxe5 Nxe5 24. Nd4 Rxf1+ 25. Rxf1 Rxc3 26. Kg2 Rc4 27. Qd5 Rc8
28. Ne6+ Kh8 29. Nd4 Re8 30. Rf2 Kg7 31. Nf3 Nxf3 32. Qxf3 Re5 33. Qf8+ Kh7 34.
Rf7+ Qxf7 35. Qxf7+ Kh8 36. Qxg6 Re2+ 37. Kg3 Re3+ 38. Kh4 Re7 39. Kh5 Rg7 40.
Qxh6+ Rh7 41. Qxh7+ Kxh7 42. Kg5 a5 43. Kf5 b5 44. Ke6 a4 45. Kxd6 b4 46. Kc5 b3
47. cxb3 a3 48. Kb4 Kh6 49. Kxa3 Kg5 50. b4 Kh4 51. b5 Kg5 52. b6 Kh6 53. b7 Kg5
54. b8=Q Kh4 55. g5 Kxh3 56. g6 Kg4 57. g7 Kg5 58. g8=Q+ Kf5 59. Qc7 Ke4 60.
Qgd8 Kf3 61. Qf7+ Kg4 62. Qdg8+ Kh3 63. Qfh7# 1-0

[Event "Titled Tue 10th Jun Early"]
[Site "chess.com INT"]
[Date "2025.06.10"]
[Round "7"]
[White "Kosteniuk, Alexandra"]
[Black "El Zein, Zayne-Eddine"]
[Result "1-0"]
[WhiteTitle "GM"]
[BlackTitle "CM"]
[WhiteElo "2474"]
[BlackElo "2194"]
[WhiteFideId "4128125"]
[BlackFideId "5313210"]
[EventDate "2025.06.10"]

1. e4 d6 2. d4 Nf6 3. Nc3 e5 4. Nge2 Nbd7 5. h3 Be7 6. g4 h6 7. Bg2 c6 8. O-O b5
9. f4 b4 10. Na4 Ba6 11. Re1 Qa5 12. b3 c5 13. dxe5 dxe5 14. Bb2 Rd8 15. Qc1 c4
16. fxe5 Nxe5 17. Bd4 c3 18. Qe3 O-O 19. Bxa7 Rd2 20. Bb6 Qb5 21. Nd4 Qd7 22.
Nf5 Rc8 23. Rac1 Bb5 24. Nxe7+ Qxe7 25. Qg3 Bxa4 26. bxa4 Qe6 27. Be3 Nc4 28.
Bf4 g5 29. Be3 Na3 30. e5 Nd5 31. Be4 Nxe3 32. Qxe3 Rcd8 33. Qf3 Qb6+ 34. Kh1
Qf2 35. Qxf2 Rxf2 36. a5 Nc4 37. a6 Rd7 38. Bd3 Nb2 39. Bb5 Ra7 40. e6 fxe6 41.
Rxe6 h5 42. gxh5 Rf3 43. Kg2 Rf2+ 44. Kxf2 1-0

[Event "Titled Tue 10th Jun Early"]
[Site "chess.com INT"]
[Date "2025.06.10"]
[Round "7"]
[White "Rasch, Holger"]
[Black "Todorovic, Bojan"]
[Result "0-1"]
[WhiteTitle "FM"]
[BlackTitle "FM"]
[WhiteElo "2246"]
[BlackElo "2111"]
[WhiteFideId "4615670"]
[BlackFideId "917087"]
[EventDate "2025.06.10"]

1. e4 g6 2. d4 Bg7 3. Nc3 d6 4. Be3 a6 5. a4 Nc6 6. d5 Ne5 7. h3 Nf6 8. f4 Ned7
9. Nf3 O-O 10. Bc4 c6 11. dxc6 bxc6 12. e5 Nh5 13. exd6 exd6 14. Qxd6 Re8 15.
O-O-O Rxe3 16. Bxf7+ Kh8 17. Qxc6 Rb8 18. Be6 Rxc3 19. bxc3 Qe7 20. Qd6 Qxd6 21.
Rxd6 Nf8 22. Ng5 Nxe6 23. Nxe6 Bxe6 24. Rxe6 Nxf4 25. Rxa6 Ne2+ 26. Kd2 Nxc3 27.
a5 Rd8+ 28. Ke3 Bh6+ 29. Kf3 Rf8+ 30. Kg4 Rf4+ 31. Kg3 Ne2+ 32. Kh2 Rf8 33. h4
Bf4+ 34. Kh3 h5 35. Re1 Nd4 36. Rxg6 Nf5 0-1

[Event "Titled Tue 10th Jun Early"]
[Site "chess.com INT"]
[Date "2025.06.10"]
[Round "7"]
[White "Rosen, Eric"]
[Black "Nguyen, Ngoc Truong Son"]
[Result "1-0"]
[WhiteTitle "IM"]
[BlackTitle "GM"]
[WhiteElo "2377"]
[BlackElo "2600"]
[WhiteFideId "2032562"]
[BlackFideId "12401110"]
[EventDate "2025.06.10"]

1. d4 Nf6 2. Bf4 d5 3. Nf3 c5 4. e3 cxd4 5. exd4 Nc6 6. Nbd2 Bg4 7. c3 e6 8. Bd3
Bd6 9. Bxd6 Qxd6 10. O-O O-O 11. Qe1 Bf5 12. Ne5 Rab8 13. f4 b5 14. a3 a5 15. b4
Qc7 16. Rf3 Rfc8 17. Nb3 Ne4 18. Nc5 Nxc5 19. bxc5 Ne7 20. g4 Be4 21. Bxe4 dxe4
22. Qxe4 b4 23. axb4 axb4 24. c4 b3 25. Rb1 b2 26. Rf2 Qa7 27. Rfxb2 Rxb2 28.
Rxb2 Qa3 29. Rb1 h5 30. gxh5 Nf5 31. Qb7 Rf8 32. Qf3 Qa2 33. Rd1 Qc2 34. Kh1 Rb8
35. Rg1 Rb2 36. Qg2 Qc3 37. Qa8+ Kh7 38. Nxf7 Rxh2+ 39. Kxh2 Qd2+ 40. Rg2 1-0

[Event "Titled Tue 10th Jun Early"]
[Site "chess.com INT"]
[Date "2025.06.10"]
[Round "7"]
[White "Zong, Davis"]
[Black "Lai, Duc Minh"]
[Result "0-1"]
[WhiteTitle "FM"]
[WhiteElo "2242"]
[BlackElo "2072"]
[WhiteFideId "30903955"]
[BlackFideId "12420387"]
[EventDate "2025.06.10"]

1. d4 Nf6 2. c4 e6 3. g3 Bb4+ 4. Bd2 Qe7 5. Bg2 Nc6 6. Nf3 Bxd2+ 7. Qxd2 Ne4 8.
Qc2 Qb4+ 9. Nc3 f5 10. Qb3 O-O 11. O-O Qxb3 12. axb3 d6 13. e3 Nxc3 14. bxc3 e5
15. b4 Re8 16. b5 Nd8 17. Nd2 a6 18. bxa6 Rxa6 19. Rxa6 bxa6 20. Rb1 e4 21. Rb8
Nc6 22. Ra8 Kf8 23. f3 exf3 24. Bxf3 Bb7 25. Rxe8+ Kxe8 26. Kf2 Na5 27. Bd1 c5
28. Bc2 g6 29. Ke2 Ke7 30. h4 Bg2 31. Kd3 Nb7 32. e4 fxe4+ 33. Nxe4 Bxe4+ 34.
Kxe4 Ke6 35. Ba4 Na5 0-1

[Event "Titled Tue 10th Jun Early"]
[Site "chess.com INT"]
[Date "2025.06.10"]
[Round "7"]
[White "Bolashakov, Nurali"]
[Black "Hernandez Jimenez, Alexander Andres"]
[Result "1-0"]
[WhiteTitle "CM"]
[BlackTitle "FM"]
[WhiteElo "2242"]
[BlackElo "2069"]
[WhiteFideId "13792105"]
[BlackFideId "3900452"]
[EventDate "2025.06.10"]

1. e4 c5 2. Nf3 d6 3. d4 cxd4 4. Nxd4 Nf6 5. Nc3 a6 6. h3 e5 7. Nde2 h5 8. g3
Be7 9. Bg2 Be6 10. O-O Nbd7 11. f4 exf4 12. Nxf4 Qb6+ 13. Kh1 Ng4 14. Nfd5 Nf2+
15. Kh2 Ng4+ 16. Qxg4 hxg4 17. Nxb6 Nxb6 18. h4 O-O-O 19. Nd5 Bxd5 20. exd5 Bf6
21. Rb1 Rde8 22. Bf4 Re2 23. Bxd6 Nxd5 24. Rbe1 Rhe8 25. Rxe2 Rxe2 26. Bc5 Rxc2
27. Bf2 Nb4 28. Kg1 Nd3 29. Be3 Re2 30. Bg5 Ne1 31. Bd5 Bd4+ 32. Kh1 Nf3 33.
Bxf3 gxf3 34. Rxf3 Rf2 35. Rxf2 Bxf2 36. Kg2 Bd4 37. b3 Kd7 38. Kf3 Kc6 39. h5
f6 40. Ke4 Bc5 41. Bh4 Kd6 42. g4 Ke7 43. Kd5 Ba3 44. Bg3 Kd7 45. Bf4 1-0

[Event "Titled Tue 10th Jun Early"]
[Site "chess.com INT"]
[Date "2025.06.10"]
[Round "7"]
[White "Jasinski, Alexander"]
[Black "Galperin, Platon"]
[Result "0-1"]
[BlackTitle "GM"]
[WhiteElo "1989"]
[BlackElo "2500"]
[WhiteFideId "55627994"]
[BlackFideId "14165414"]
[EventDate "2025.06.10"]

1. e4 e5 2. Nf3 Nc6 3. Bb5 a6 4. Ba4 Nge7 5. O-O Ng6 6. Nc3 Bc5 7. a3 O-O 8. b4
Ba7 9. Bb2 d6 10. h3 Nd4 11. Nxd4 Bxd4 12. Qf3 Nh4 13. Qg3 f5 14. Bb3+ Kh8 15.
exf5 Bxf5 16. Nd1 Be4 17. Bxd4 Bxg2 18. Be3 Rf3 19. Qxg2 Nxg2 20. Kxg2 Rf6 21.
Nc3 Qd7 22. Ne4 Rg6+ 23. Ng3 Rf8 24. Bd5 c6 25. Be4 Rgf6 26. Bg5 R6f7 27. d4 d5
28. Bd3 h6 29. Be3 e4 30. Be2 Kh7 31. Bg4 Qd6 32. c4 g6 33. cxd5 cxd5 34. h4 h5
35. Bh3 Rf3 36. Kh2 Qf6 37. Bg2 Qxh4+ 38. Kg1 Qg4 39. Bxf3 Rxf3 40. Kg2 h4 41.
Rh1 Rxg3+ 42. fxg3 Qxg3+ 43. Kf1 Qf3+ 44. Kg1 Qxe3+ 45. Kh2 Qf2+ 46. Kh3 Qg3# 0-1

[Event "Titled Tue 10th Jun Early"]
[Site "chess.com INT"]
[Date "2025.06.10"]
[Round "7"]
[White "Fikiet, Alex"]
[Black "Otdelnov, Kirill"]
[Result "0-1"]
[BlackTitle "FM"]
[WhiteElo "2151"]
[BlackElo "2273"]
[WhiteFideId "2052717"]
[BlackFideId "24280216"]
[EventDate "2025.06.10"]

1. e4 g6 2. d4 Bg7 3. Nf3 d6 4. Bc4 c6 5. Bb3 Nf6 6. Qe2 O-O 7. O-O a5 8. a4 Qc7
9. Nc3 e5 10. d5 Na6 11. Be3 Bg4 12. h3 Bxf3 13. Qxf3 Nd7 14. Rad1 Kh8 15. Qe2
Ndc5 16. Bc4 Rad8 17. f3 f5 18. exf5 gxf5 19. dxc6 Qxc6 20. Bg5 Bf6 21. Bxf6+
Rxf6 22. Rd2 Nc7 23. Rfd1 Rg6 24. Nd5 Nxd5 25. Bxd5 Qb6 26. Qf2 Qxb2 27. Qh4 Rd7
28. Bc4 Qb6 29. Kh1 Qd8 30. Qf2 Qg5 31. Bb5 Rd8 32. c4 b6 33. f4 Qxf4 34. Qxf4
exf4 35. Rf2 Ne6 36. Re1 Kg7 37. Bc6 Rf6 38. Bd5 Nc5 39. Rxf4 Rd7 40. Re8 Rf8
41. Rxf8 Kxf8 42. Rxf5+ Kg7 43. Kh2 Re7 44. g4 Nxa4 45. g5 Nc3 0-1

[Event "Titled Tue 10th Jun Early"]
[Site "chess.com INT"]
[Date "2025.06.10"]
[Round "7"]
[White "Kucza, Karol"]
[Black "Onur, Cigdem"]
[Result "1-0"]
[WhiteTitle "FM"]
[BlackTitle "WCM"]
[WhiteElo "2316"]
[BlackElo "1956"]
[WhiteFideId "1159755"]
[BlackFideId "6346030"]
[EventDate "2025.06.10"]

1. Nf3 d5 2. c4 c6 3. d4 Nf6 4. Nc3 dxc4 5. a4 Bf5 6. e3 e6 7. Bxc4 Bb4 8. O-O
Nbd7 9. Qe2 O-O 10. e4 Bg4 11. e5 Nd5 12. Nxd5 cxd5 13. Bd3 Rc8 14. Qe3 Qb6 15.
Ng5 h6 16. Nh7 Rfe8 17. a5 Qd8 18. Qg3 Rxc1 19. Rfxc1 Bf5 20. Bxf5 exf5 21. Nf6+
Nxf6 22. exf6 Qxf6 23. Qd3 Re4 24. Rd1 Bd6 25. a6 b6 26. Rac1 Kh7 27. Rc8 Qg6
28. Ra8 Qh5 29. h3 Re7 30. Qf3 Qg5 31. Qxd5 Bc7 32. Qf3 Qf6 33. Kf1 Qd6 34. Rxa7
Qh2 35. g3 Qxh3+ 36. Qg2 Qg4 37. Rd2 Qg5 38. Rd1 Qg6 39. Qf3 Qe6 40. Kg2 1-0

[Event "Titled Tue 10th Jun Early"]
[Site "chess.com INT"]
[Date "2025.06.10"]
[Round "7"]
[White "Nazin, Roman"]
[Black "Safin Safarullakhan"]
[Result "1-0"]
[WhiteTitle "CM"]
[BlackTitle "CM"]
[WhiteElo "2250"]
[BlackElo "2028"]
[WhiteFideId "4137167"]
[BlackFideId "33379475"]
[EventDate "2025.06.10"]

1. d4 Nf6 2. Nf3 d5 3. c4 e6 4. e3 c5 5. Nc3 Nc6 6. a3 cxd4 7. exd4 Bd6 8. cxd5
Nxd5 9. Bd3 h6 10. O-O O-O 11. Qe2 Qf6 12. Ne4 Qe7 13. Nxd6 Qxd6 14. Qe4 Nf6 15.
Qh4 e5 16. dxe5 Nxe5 17. Nxe5 Qxe5 18. Bf4 Qh5 19. Qg3 Be6 20. Be5 Ng4 21. Bc3
f6 22. Rfe1 Rfe8 23. h3 Ne5 24. Bxe5 fxe5 25. Bg6 Qg5 26. Qxg5 hxg5 27. Bxe8
Rxe8 28. Rxe5 Kf7 29. Rae1 Kf6 30. g3 a6 31. f4 gxf4 32. gxf4 g6 33. Kf2 b5 34.
Kg3 Re7 35. h4 Re8 36. Rxe6+ Rxe6 37. Rxe6+ Kxe6 38. Kg4 Kf6 39. b4 Kg7 40. f5
Kf6 41. fxg6 Kxg6 42. Kf4 Kh5 43. Ke5 Kxh4 44. Kd6 Kg5 45. Kc5 Kf5 46. Kb6 Ke5
47. Kxa6 1-0

[Event "Titled Tue 10th Jun Early"]
[Site "chess.com INT"]
[Date "2025.06.10"]
[Round "7"]
[White "Mitrabha, Guha"]
[Black "Schnaider, Ilan"]
[Result "1-0"]
[WhiteTitle "GM"]
[BlackTitle "IM"]
[WhiteElo "2515"]
[BlackElo "2388"]
[WhiteFideId "5057000"]
[BlackFideId "169013"]
[EventDate "2025.06.10"]

1. Nf3 Nf6 2. g3 g6 3. Bg2 Bg7 4. c4 O-O 5. O-O Nc6 6. Nc3 d5 7. d3 dxc4 8. dxc4
Be6 9. Qa4 Nd7 10. Ng5 Bf5 11. Rd1 Qc8 12. Nd5 Re8 13. e4 Nb6 14. Qc2 Bg4 15. f3
Bd7 16. f4 Bg4 17. Re1 Nd4 18. Qf2 h6 19. Be3 Ne2+ 20. Rxe2 Bxe2 21. Nxf7 Bxc4
22. Ne5 Nxd5 23. exd5 Bxe5 24. fxe5 Qf5 25. Qd2 Qxe5 26. Bd4 Qg5 27. Qc3 Bxd5
28. h4 Qh5 29. Bh8 e5 30. Bxd5+ Kxh8 31. Rf1 Qg4 32. Rf7 Qd1+ 33. Kh2 Qxd5 34.
Qxc7 Qd2+ 35. Kh3 1-0

[Event "Titled Tue 10th Jun Early"]
[Site "chess.com INT"]
[Date "2025.06.10"]
[Round "7"]
[White "Petersson, Kjell"]
[Black "Levitan, Judah Nathan"]
[Result "1-0"]
[WhiteTitle "CM"]
[BlackTitle "CM"]
[WhiteElo "2068"]
[BlackElo "2266"]
[WhiteFideId "1705148"]
[BlackFideId "14332639"]
[EventDate "2025.06.10"]

1. d4 Nf6 2. Bf4 d5 3. e3 c5 4. Nd2 Nc6 5. c3 Qb6 6. Qb3 c4 7. Qc2 g6 8. e4 Nxe4
9. Nxe4 Bf5 10. f3 dxe4 11. fxe4 Bd7 12. Bxc4 Bg7 13. Nf3 Rc8 14. Qb3 Qxb3 15.
Bxb3 O-O 16. O-O Na5 17. Bc2 Nc4 18. Rab1 b5 19. a3 a5 20. Bd3 Nd6 21. Ne5 Bxe5
22. Bxe5 f6 23. Bg3 Nc4 24. h3 Nd2 25. Rbd1 Nxf1 26. Kxf1 e5 27. Ke2 exd4 28.
cxd4 Rfe8 29. Kf3 Kg7 30. e5 Bc6+ 31. Kf2 fxe5 32. Bxe5+ Kg8 33. g4 Rf8+ 34. Kg1
Rf3 35. Bf1 Kf8 36. Bg2 Rf7 37. d5 Bd7 38. Bc3 a4 39. Bb4+ Kg7 40. Bc3+ Kg8 41.
d6 Kf8 42. Bd5 Rf4 43. Bd2 Rd4 44. Bh6+ Ke8 45. Rxd4 Rc1+ 46. Kf2 Rc2+ 47. Kg3
Rxb2 48. Re4+ 1-0

[Event "Titled Tue 10th Jun Early"]
[Site "chess.com INT"]
[Date "2025.06.10"]
[Round "7"]
[White "Krutko, Anatoly"]
[Black "Sieciechowicz, Marcin"]
[Result "0-1"]
[WhiteTitle "FM"]
[BlackTitle "IM"]
[WhiteElo "2397"]
[BlackElo "2413"]
[WhiteFideId "4185862"]
[BlackFideId "1130170"]
[EventDate "2025.06.10"]

1. d4 Nf6 2. c4 b6 3. f3 Nc6 4. e4 e5 5. d5 Nd4 6. Ne2 Bc5 7. Nbc3 O-O 8. Qd3
Ba6 9. Nxd4 exd4 10. Nd1 c6 11. Be2 cxd5 12. exd5 Nxd5 13. O-O Re8 14. a3 Rxe2
15. b4 Qe7 16. bxc5 bxc5 17. Nf2 Nb6 18. Bg5 f6 19. Bh4 Bxc4 20. Qd1 Re3 21. Ng4
Bxf1 22. Qxf1 Re6 23. a4 Re8 24. h3 Nd5 25. Qc4 Ne3 26. Nxe3 dxe3 27. Re1 Kh8
28. Bg3 Rd8 29. Qd5 h6 30. Re2 d6 31. Kh2 Qd7 32. a5 Rde8 33. a6 Qb5 34. Qa2 d5
35. Rb2 Qc6 36. Qb1 e2 37. Be1 Qxa6 38. Qg6 d4 39. Rd2 Qc6 40. f4 a5 41. f5 R6e7
42. Rb2 a4 43. Ra2 d3 44. Bd2 e1=Q 45. Bxe1 Rxe1 46. Rf2 R1e2 47. Rf1 Qxg2+ 48.
Qxg2 Rxg2+ 49. Kxg2 d2 50. Rd1 Rd8 51. Kf2 a3 52. Ke2 a2 53. Ra1 d1=Q+ 0-1

[Event "Titled Tue 10th Jun Early"]
[Site "chess.com INT"]
[Date "2025.06.10"]
[Round "7"]
[White "Mkrtchyan, Mariam"]
[Black "Madi, Aidana"]
[Result "1-0"]
[WhiteTitle "WIM"]
[BlackTitle "WFM"]
[WhiteElo "2307"]
[BlackElo "1899"]
[WhiteFideId "13310828"]
[BlackFideId "13722689"]
[EventDate "2025.06.10"]

1. Nf3 Nf6 2. c4 d6 3. g3 e5 4. Bg2 g6 5. O-O Bg7 6. d4 exd4 7. Nxd4 O-O 8. Nc3
Re8 9. e4 Nbd7 10. h3 Ne5 11. b3 a6 12. a4 Ned7 13. Be3 a5 14. Ndb5 Rb8 15. Re1
b6 16. Rc1 Bb7 17. Nd5 Bxd5 18. cxd5 Nc5 19. Bxc5 bxc5 20. Qd2 Nd7 21. Qxa5 Ne5
22. Red1 Re7 23. f4 Nd7 24. Kh2 Nb6 25. Re1 Ra8 26. Qd2 c4 27. bxc4 Rxa4 28. c5
dxc5 29. Rxc5 Ra3 30. e5 Rb3 31. Nd4 Ra3 32. Nc6 Qd7 33. Nxe7+ Qxe7 34. d6 cxd6
35. Qxd6 Qxd6 36. exd6 Rd3 37. Rc6 Nd7 38. g4 Bc3 39. Re7 Nf6 40. g5 Nh5 41. d7
Nxf4 42. Rc8+ Kg7 43. d8=Q Rxd8 44. Rxd8 Ne6 45. Rxe6 fxe6 46. Rd7+ Kg8 47. h4 1-0

[Event "Titled Tue 10th Jun Early"]
[Site "chess.com INT"]
[Date "2025.06.10"]
[Round "7"]
[White "Sahetchian, Armand"]
[Black "Li, Hui"]
[Result "0-1"]
[WhiteTitle "CM"]
[BlackTitle "CM"]
[WhiteElo "2024"]
[BlackElo "2041"]
[WhiteFideId "607150"]
[BlackFideId "15400310"]
[EventDate "2025.06.10"]

1. e4 e5 2. Nf3 Nf6 3. Nxe5 d6 4. Nf3 Nxe4 5. d4 d5 6. Bd3 Nc6 7. c4 Bb4+ 8.
Nbd2 Nxd2 9. Bxd2 Qe7+ 10. Qe2 Qxe2+ 11. Bxe2 Bxd2+ 12. Kxd2 dxc4 13. Bxc4 O-O
14. h3 Bf5 15. Rad1 Be4 16. Ng5 Bg6 17. Kc3 h6 18. Nf3 Be4 19. Ne1 Rad8 20. f3
Bd5 21. Bxd5 Rxd5 22. Nc2 Re8 23. Rhe1 Rdd8 24. Rxe8+ Rxe8 25. d5 Rd8 26. Ne3
Ne7 27. Rd4 Rd6 28. Rc4 c6 29. dxc6 Nxc6 30. Re4 Kf8 31. a3 g6 32. h4 h5 33. Nc4
Rd1 34. Re2 Rc1+ 35. Kb3 Rd1 36. Kc2 Rd4 37. b3 Rxh4 38. Kc3 Rh1 39. Nd6 Rd1 40.
Nxb7 h4 41. Kc2 Rd7 42. Nc5 Rd5 43. b4 Nd4+ 0-1

[Event "Titled Tue 10th Jun Early"]
[Site "chess.com INT"]
[Date "2025.06.10"]
[Round "7"]
[White "Mikhailova, Irina"]
[Black "Tleukhanov, Yerlan"]
[Result "1-0"]
[WhiteTitle "WGM"]
[BlackTitle "FM"]
[WhiteElo "2143"]
[BlackElo "2296"]
[WhiteFideId "4109040"]
[BlackFideId "13749692"]
[EventDate "2025.06.10"]

1. d4 Nf6 2. Nf3 e6 3. c4 b6 4. a3 Bb7 5. Nc3 d5 6. cxd5 Nxd5 7. Bd2 c5 8. dxc5
Bxc5 9. Qc2 O-O 10. e4 Nf6 11. Bd3 Nc6 12. O-O e5 13. Nd5 h6 14. Nxf6+ Qxf6 15.
Bc3 Rad8 16. Rad1 Nd4 17. Nxd4 Bxd4 18. Bxd4 Rxd4 19. Qe2 Rfd8 20. Bc2 Qf4 21.
g3 Qg5 22. h4 Qe7 23. Rxd4 Rxd4 24. Rd1 Qc5 25. Rxd4 Qxd4 26. Bd3 a5 27. Kg2 f5
28. f3 fxe4 29. Bxe4 Bxe4 30. fxe4 a4 31. Kf3 Kh7 32. Qc2 b5 33. Qc3 Qd1+ 34.
Kf2 Qg4 35. Qf3 Qe6 36. Qf5+ Qg6 37. Kf3 h5 38. Qxg6+ Kxg6 39. g4 hxg4+ 40. Kxg4
Kf6 41. Kh5 Ke6 42. Kg6 1-0

[Event "Titled Tue 10th Jun Early"]
[Site "chess.com INT"]
[Date "2025.06.10"]
[Round "7"]
[White "Pranesh, M"]
[Black "Cahaya, Satria Duta"]
[Result "1-0"]
[WhiteTitle "GM"]
[BlackTitle "FM"]
[WhiteElo "2580"]
[BlackElo "2386"]
[WhiteFideId "35028600"]
[BlackFideId "7124252"]
[EventDate "2025.06.10"]

1. Nf3 Nf6 2. b3 g6 3. Bb2 Bg7 4. g3 O-O 5. Bg2 c5 6. O-O Nc6 7. c4 b6 8. d4 d5
9. dxc5 dxc4 10. Ne5 Nxe5 11. Bxa8 Qc7 12. cxb6 axb6 13. Bg2 Be6 14. Nc3 h5 15.
h4 Nfg4 16. Nd5 Qc5 17. Bd4 Qd6 18. bxc4 b5 19. c5 Qd7 20. Nb6 Qc7 21. a4 Rd8
22. e3 Nc6 23. Bxc6 Qxc6 24. axb5 Qxb5 25. Qa4 Qe2 26. Bxg7 Kxg7 27. Rad1 Ne5
28. Qa1 f6 29. Rxd8 Nf3+ 30. Kh1 Nxh4 31. Qd1 Qb5 32. gxh4 Qxc5 33. Nd5 Qc4 34.
Nf4 Bg4 35. f3 Bf5 36. Qe2 Qb4 37. Rd2 e5 38. Ng2 Bh3 39. e4 Qc3 40. Rfd1 g5 41.
Rd7+ Kg6 42. hxg5 Bxd7 43. Rxd7 Qc1+ 44. Rd1 Qxg5 45. Qf2 Qh6 46. Nh4+ Kg7 47.
Nf5+ Kg6 48. Nxh6 h4 49. Qg2+ Kh5 50. Rg1 f5 51. Qg5# 1-0

[Event "Titled Tue 10th Jun Early"]
[Site "chess.com INT"]
[Date "2025.06.10"]
[Round "7"]
[White "Dorrance, Adam"]
[Black "Kiremitciyan, Ari"]
[Result "0-1"]
[WhiteTitle "FM"]
[BlackTitle "FM"]
[WhiteElo "2301"]
[BlackElo "2271"]
[WhiteFideId "2618567"]
[BlackFideId "6373445"]
[EventDate "2025.06.10"]

1. c4 Nf6 2. Nc3 c5 3. Nf3 g6 4. e4 Nc6 5. d3 d6 6. g3 Bg4 7. Bg2 Bg7 8. Be3 O-O
9. h3 Bxf3 10. Bxf3 Ne8 11. Bg2 Nc7 12. O-O a6 13. f4 Rb8 14. Kh2 Ne6 15. Rb1
Ned4 16. a3 b5 17. cxb5 axb5 18. b4 cxb4 19. axb4 e6 20. Ne2 Nxe2 21. Qxe2 Bd4
22. Rfc1 Bxe3 23. Qxe3 Qb6 24. Qxb6 Rxb6 25. e5 d5 26. Bf3 Ra8 27. Bd1 Ra3 28.
Bc2 Nd4 29. Kg1 Ne2+ 30. Kf2 Nxc1 31. Rxc1 Rc3 32. Ke3 Rbc6 33. Kd2 d4 34. g4
Ra6 35. f5 Ra2 36. f6 g5 37. Kd1 h6 38. Kd2 Kf8 39. Kd1 Ke8 40. Kd2 Kd7 41. Kd1
Kc7 42. Kd2 Rb2 43. Kd1 Kc6 44. Kd2 Kd5 45. Kd1 Kxe5 46. Kd2 Kxf6 47. Rf1+ Ke5
48. Re1+ Kd6 49. Rc1 f5 50. gxf5 exf5 51. Ra1 Rbxc2+ 52. Kd1 Rc1+ 53. Rxc1 Rxc1+
54. Kxc1 Ke5 55. Kd2 Kf4 56. Ke2 Kg3 57. Kf1 Kxh3 58. Kf2 Kg4 59. Kg1 Kf3 60.
Kh2 Ke3 61. Kh3 Kxd3 62. Kg3 Kc4 63. Kf3 Kxb4 0-1

[Event "Titled Tue 10th Jun Early"]
[Site "chess.com INT"]
[Date "2025.06.10"]
[Round "7"]
[White "Jimenez Fernandez, Rebeca"]
[Black "Becking, Stephan"]
[Result "1-0"]
[WhiteTitle "WFM"]
[BlackTitle "IM"]
[WhiteElo "2154"]
[BlackElo "2410"]
[WhiteFideId "32070934"]
[BlackFideId "4632478"]
[EventDate "2025.06.10"]

1. d4 Nf6 2. c4 e6 3. Nf3 Bb4+ 4. Bd2 Qe7 5. g3 O-O 6. Bg2 a5 7. O-O Bxd2 8.
Qxd2 d6 9. Nc3 Nbd7 10. e4 e5 11. d5 Nc5 12. Rfe1 Ne8 13. Nh4 g6 14. Qc2 Ng7 15.
a3 a4 16. Rad1 Bd7 17. Na2 f5 18. f4 fxe4 19. fxe5 Qxe5 20. Nc3 e3 21. Nf3 Qe7
22. Qc1 Rae8 23. Re2 Bg4 24. Rf1 Nd3 25. Qc2 Bf5 26. Qxa4 Qf6 27. Nd1 Bg4 28.
Nxe3 Nxb2 29. Nxg4 Qc3 30. Qc2 Qxc2 31. Rxc2 Nd3 32. Nd4 Nf5 33. Nxf5 gxf5 34.
Nf2 Nc5 35. Bh3 Ra8 36. Re2 Rxa3 37. Rfe1 Rc3 38. Re8 Rxc4 39. Bxf5 Rxe8 40.
Rxe8+ Kf7 41. Rc8 Nb3 42. Nd3 1-0

[Event "Titled Tue 10th Jun Early"]
[Site "chess.com INT"]
[Date "2025.06.10"]
[Round "7"]
[White "Sethuraman, Roshan"]
[Black "Andrade, Ivan"]
[Result "1-0"]
[BlackTitle "FM"]
[WhiteElo "2074"]
[BlackElo "2144"]
[WhiteFideId "30965250"]
[BlackFideId "14800039"]
[EventDate "2025.06.10"]

1. e4 c5 2. Nf3 d6 3. d4 cxd4 4. Nxd4 Nf6 5. Nc3 a6 6. Be3 Ng4 7. Bc1 Nf6 8. f3
e5 9. Nb3 Be6 10. Be3 Be7 11. Qd2 Nbd7 12. O-O-O O-O 13. g4 b5 14. g5 b4 15. Ne2
Nh5 16. Ng3 a5 17. Kb1 Nf4 18. h4 a4 19. Nc1 b3 20. Nf5 bxa2+ 21. Ka1 a3 22. b3
Bxf5 23. exf5 Nh5 24. Bc4 Kh8 25. Nxa2 Ng3 26. f6 gxf6 27. Rhg1 Nf5 28. Bd5 Rc8
29. Be4 Nxe3 30. Qxe3 fxg5 31. hxg5 Rg8 32. Rh1 Rg7 33. Rh5 Bxg5 34. Qg1 Nf8 35.
Qh2 f5 36. Bxf5 Rcc7 37. Rh1 d5 38. c3 Bf6 39. Rh6 e4 40. fxe4 dxe4 41. Bxe4 Qe7
42. Bb1 Rxc3 43. Nxc3 Bxc3+ 44. Ka2 Qb7 45. Qc2 Rg2 46. Rxh7+ Nxh7 47. Rxh7+
Qxh7 48. Qxg2 Qc7 49. Bd3 Bb2 50. Bc4 Qd6 51. Qg8# 1-0

[Event "Titled Tue 10th Jun Early"]
[Site "chess.com INT"]
[Date "2025.06.10"]
[Round "7"]
[White "Chan, Kim Yew"]
[Black "Grezels, Florian"]
[Result "0-1"]
[WhiteTitle "FM"]
[BlackTitle "FM"]
[WhiteElo "2304"]
[BlackElo "2306"]
[WhiteFideId "5717981"]
[BlackFideId "20696450"]
[EventDate "2025.06.10"]

1. e4 c5 2. Nf3 e6 3. d4 cxd4 4. Nxd4 Nc6 5. Nc3 Qc7 6. Be3 a6 7. Qf3 Nf6 8.
O-O-O Ne5 9. Qg3 h5 10. Bf4 d6 11. f3 b5 12. Bxb5+ axb5 13. Ndxb5 Qb8 14. Nxd6+
Bxd6 15. Rxd6 Qxd6 16. Bxe5 h4 17. Qxg7 Qxe5 18. Qxh8+ Ke7 19. Qxh4 Qh5 20. Qf4
e5 21. Qe3 Kf8 22. Rd1 Be6 23. a3 Qxh2 24. Kb1 Qf4 25. Qc5+ Kg7 26. Ne2 Qg5 27.
Nd4 Re8 28. Nxe6+ Rxe6 29. Rd8 Ne8 30. Qc8 Kf8 31. a4 Qxg2 32. a5 Qxf3 33. a6
Qf1+ 34. Ka2 Rxa6+ 35. Kb3 Rb6+ 36. Kc3 Qe1+ 37. Kd3 Qd1+ 38. Ke3 Qe1+ 39. Kf3
Rf6+ 40. Kg2 Qe2+ 41. Kg1 Qf2+ 42. Kh1 Rh6+ 0-1